[Event "Bangkok Rooky op"]
[Site "Bangkok"]
[Date "2023.10.21"]
[Round "3"]
[White "Baba, Masahiro"]
[Black "Tan, Yi Xun"]
[Result "1-0"]
[WhiteElo "2248"]
[BlackElo "1698"]
[PlyCount "65"]
[EventDate "2023.10.20"]
[EventType "swiss"]
[EventRounds "7"]
[EventCountry "THA"]
[SourceTitle "Mega2024 Update 01"]
[Source "Chessbase"]
[SourceDate "2023.11.12"]
[SourceVersion "1"]
[SourceVersionDate "2023.11.12"]
[SourceQuality "1"]

1. e4 c6 2. d4 d5 3. Nc3 dxe4 4. Nxe4 Nf6 5. Nxf6+ exf6 6. c3 Bd6 7. Bd3 0-0 8. Qc2 Re8+ 9. Ne2 h5 10. 0-0 Nd7 11. Bf4 Nf8 12. Bxd6 Qxd6 13. Ng3 g6 14. Ne4 Qd8 15. Rfe1 Ne6 16. Rad1 f5 17. Nd2 b6 18. Nf3 Bb7 19. Qc1 Qf6 20. Bc4 c5 21. d5 Nc7 22. Rxe8+ Nxe8 23. Bf1 Nd6 24. c4 Re8 25. a3 Bc8 26. Re1 Rxe1 27. Nxe1 Bd7 28. b4 Ne4 29. Nf3 a5 30. bxa5 bxa5 31. Qb1 Qc3 32. Qb8+ Kh7 33. Qf8 1-0

[Event "Puchong op 6th"]
[Site "Puchong"]
[Date "2019.08.25"]
[Round "5"]
[White "Tan, Yi Xun"]
[Black "Tharation, Prem Kumar"]
[Result "0-1"]
[WhiteElo "1270"]
[BlackElo "1601"]
[PlyCount "73"]
[EventDate "2019.08.24"]
[EventType "swiss"]
[EventRounds "6"]
[EventCountry "MAS"]
[SourceTitle "EXT 2020"]
[Source "ChessBase"]
[SourceDate "2019.10.17"]
[SourceVersion "1"]
[SourceVersionDate "2019.10.17"]
[SourceQuality "1"]

1. d4 Nf6 2. c4 c5 3. d5 e6 4. Nc3 exd5 5. cxd5 d6 6. e4 g6 7. f4 a6 8. a4 Bg7 9. Be2 0-0 10. Nf3 Bg4 11. 0-0 Re8 12. Qc2 Nbd7 13. Be3 Qc7 14. Rac1 Rab8 15. Kh1 Bxf3 16. Rxf3 Re7 17. b3 Rbe8 18. Bd3 Nb6 19. Rg1 Nfxd5 20. Nxd5 Nxd5 21. Bxc5 Nxf4 22. Rxf4 dxc5 23. Rgf1 Be5 24. R4f3 Bd4 25. Bc4 Rf8 26. Qd2 Kg7 27. Rh3 h5 28. g4 Rxe4 29. gxh5 Qc6 30. Qg2 Rg4 31. Qxc6 bxc6 32. hxg6 fxg6 33. Re1 Rf2 34. Bxa6 Rgg2 35. Rg1 Rxg1+ 36. Kxg1 Rf3+ 37. Kg2 0-1